Statistiques concernant Focus sur: Gothmog - Tolkien

Cliquez ici pour prendre le quiz!

Statistiques générales

  • Ce quiz a été pris 12 fois
  • Le résultat moyen est 5 sur 6

Statistiques - réponses

Informations recherchéesRéponses% Correct
Première apparitionLe Silmarillion
100%
EspèceBalrog
91%
ForteresseAngband
82%
Professions et titresPrince des Balrogs
82%
Vala associéMelkor
73%
Capitaine d'Angband
45%

Distribution des résultats

Percentile par nombre de réponses

% des personnes avec chaque résultat

Votre développement - résultats

Vous n’avez pas pris ce quiz